Statistiken für Größte Städte der südlichen Hemisphäre

Klicken Sie hier um das Quiz zu spielen!

Allgemein

  • Dieses Quiz wurde 1,673 mal gespielt
  • Das Durchschnittsergebnis liegt bei 11 aus 20

Antwortstatistiken

Bevölkerung Stadt % Korrekt
5.00 Mio.Sydney
95%
12.8 Mio.Rio de Janeiro
91%
16.1 Mio.Buenos Aires
90%
13.4 Mio.Johannesburg
84%
22.1 Mio.São Paulo
82%
4.13 Mio.Kapstadt
81%
4.55 Mio.Melbourne
78%
7.05 Mio.Santiago
77%
30.3 Mio.Jakarta
76%
10.3 Mio.Lima
67%
3.98 Mio.Brasília
61%
11.6 Mio.Kinshasa
48%
5.75 Mio.Nairobi
44%
7.65 Mio.Luanda
42%
5.00 Mio.Belo Horizonte
32%
5.90 Mio.Daresalam
28%
4.10 Mio.Porto Alegre
17%
3.80 Mio.Recife
16%
6.15 Mio.Bandung
10%
4.88 Mio.Surabaya
9%

Verteilung der Resultate

Perzentil nach korrekt beantworteten Fragen

Anzahl Personen mit jedem Resultat

Ihre Resultats-Entwicklung

Sie haben dieses Quiz noch nicht gespielt